|
|
|
|
| LEADER |
01593nam a22003137a 4500 |
| 001 |
41088 |
| 003 |
BD-DhAAL |
| 008 |
230410t2021 bg ||||| b||| 00| 0 ben d |
| 020 |
|
|
|a 9789843507921
|
| 040 |
|
|
|a BD-DhAAL
|c BD-DhAAL
|
| 041 |
|
|
|a ben
|
| 082 |
|
|
|a 338.95492
|2 23
|
| 245 |
|
|
|a ২০৩০ টেকসই উন্নয়ন কর্মসূচি ও কোভিড-১৯ :
|b পিকেএসএফ এবং সহযোগী সংস্থাসমূহের কর্মকাণ্ড /
|c সম্পাদক, মাহফুজুল ইসলাম শামীম.
|
| 260 |
|
|
|a ঢাকা :
|b পল্লী কর্ম-সহায়ক ফাউন্ডেশন (পিকেএসএফ),
|c ২০২১.
|
| 300 |
|
|
|a xlvi, ৩৫৩ পৃষ্ঠা ;
|c ২৪ সে.মি.
|
| 504 |
|
|
|a গ্রন্থপঞ্জিগত নির্দেশিকা অন্তর্ভুক্ত।
|
| 541 |
|
|
|a Complimentary copy
|e 41088
|
| 650 |
|
|
|a Economic development
|z Bangladesh.
|
| 650 |
|
|
|a Sustainable development
|z Bangladesh.
|
| 650 |
|
|
|a Poverty
|z Bangladesh.
|
| 650 |
|
|
|a Rural development
|z Bangladesh.
|
| 650 |
|
|
|a Climatic changes
|z Bangladesh.
|
| 650 |
|
|
|a Women's rights
|z Bangladesh.
|
| 650 |
|
|
|a Education
|z Bangladesh.
|
| 650 |
|
|
|a Water quality management
|z Bangladesh.
|9 1866
|
| 650 |
|
|
|a Economics.
|
| 942 |
|
|
|2 ddc
|c BK
|
| 999 |
|
|
|c 45659
|d 45659
|
| 952 |
|
|
|0 0
|1 0
|2 ddc
|4 0
|6 338_954920000000000_TWO
|7 0
|9 73526
|a BRACUL
|b BRACUL
|c GEN
|d 2023-04-10
|e Complimentary copy
|g 600.00
|l 0
|o 338.95492 TWO
|p 3010041088
|r 2023-04-10
|t 1
|w 2023-04-10
|y BK
|